00594nam a2200169 450000500170000001000150001702000260003203500140005803700130007208200120008510000230009724501110012026000370023127000810026830000250034950000500037420191216173920.0 aENG-127163 a9788178241548c695.00 aEN-110695 bDBAD/PUB a305.891 aFisher, Michael H. aCounterflows to colonialism :cby Michael H. FisherbIndian travellers and settlers in Britain 1600-1857 / aRanikhet bPermanent Blackc2019 aHimalayana, Mall Road, Ranikhet CanttbRanikhet e263645mperblack@gmail.com axv;487p .c21cm(pbk) aIncludes bibliographical references and index